000 01050nam0a2200325 4500
001 RU\NLR\BIBL_A\011577383
005 20240921175818.0
010 _a9785001092179
_9100
021 _aRU
_b2017-94911
_96813
035 _a(RuMoRGB)009481845
035 _a(NLR Aleph) 011577383
090 _a10829935
_c10829935
100 _a20180110d2017 k y0rusy50 ca
101 0 _arus
102 _aRU
105 _ay z 000zy
200 1 _aПрофессиональный алкоголизм
_eмонография
_fО. С. Садовничий
210 _aУфа
_cАэтерна
_d2017
215 _a182 с.
_d21
320 _aБиблиогр. в подстроч. примеч.
606 1 _aАлкоголизм
_xИстория
_yРоссия
_92257565
_3RU\NLR\AUTH\661353815
686 _aР645.021.11г.я9
_2rubbk
686 _aТ3(2)7-75,02
_2rubbk
686 _aТ3(2)64-75,02
_2rubbk
686 1 _aТ3(2)0-75
700 1 _aСадовничий
_bО. С.
942 _cBOOK
980 _aNBR